Riadenie hydraulického systému pomocou PLC Simatic S7-200

Salvato in:
Dettagli Bibliografici
Autore principale: Benčat, Jakub, 1987- (Autore)
Altri autori: Mrosko, Marián, 1979- (Relatore della tesi)
Natura: Manoscritto Libro
Lingua:slovacco
Pubblicazione: Bratislava : STU v Bratislave FEI, 2010
Soggetti:
Accesso online:VAIS
Tags: Aggiungi Tag
Nessun Tag, puoi essere il primo ad aggiungerne!!

MARC

LEADER 00000ntm a22000003a 4500
001 stu209415
005 20150617230106.0
008 100818s2010------------------------slo-d
040 |a STU  |b slo 
041 0 |a slo 
100 1 |a Benčat, Jakub,  |d 1987-  |4 aut  |u E  |T FEI Fakulta elektrotechniky a informatiky  |X 35567  |U E  |Y 30  |7 A000035567 
242 0 0 |a Control of hydraulic system using PLC Simatic S7-200  |y eng 
245 1 |a Riadenie hydraulického systému pomocou PLC Simatic S7-200 
260 |a Bratislava :  |b STU v Bratislave FEI,  |c 2010 
300 |a 48 s 
650 7 |a Aplikovaná informatika  |2 stusub 
650 7 |a PLC  |2 stusub 
650 7 |a PLC  |2 stusub 
650 7 |a computer  |2 estusub 
650 7 |a hydraulické systémy  |2 stusub 
700 1 |a Mrosko, Marián,  |d 1979-  |4 ths  |u E011  |U FEI Fakulta elektrotechniky a informatiky  |T FEI Ústav robotiky a kybernetiky  |X 4907  |U E011  |Y 356  |7 A000004907 
856 4 |a info a plný text  |u http://is.stuba.sk/zp/portal_zp.pl?podrobnosti=49632  |3 VAIS